Guia del museu més gran de Catalunya / [coordinació: Carme Rius i Carles Vicente] Carme Rius i Carles Vicente]
Descripción Física:
247 p. : il. col. ; 25 cm
Materias:
Museus -- Catalunya -- Guies
MARC
| LEADER | 00000nam a2200000Ia 4500 | ||
|---|---|---|---|
| 001 | 16090 | ||
| 008 | 160829s1999 xx 000 0 cat d | ||
| 080 | |a B-2-52 | ||
| 245 | |a Guia del museu més gran de Catalunya / [coordinació: |b Carme Rius i Carles Vicente] | ||
| 260 | |a [Barcelona] : |b Centre d'Estudis i Divulgació del Patrimoni, |c 1999 | ||
| 300 | |a 247 p. : |b il. col. ; |c 25 cm | ||
| 650 | |a Museus |x Catalunya |x Guies |9 49099 | ||
| 700 | 1 | |a Rius Font, Carme |9 25867 | |
| 700 | |a Vicente, Carles |9 23880 |e coordinador | ||
| 700 | |a Centre d'Estudis i Divulgació del Patrimoni |9 37396 | ||
| 901 | |a Arxiu | ||
| 942 | |n 1 |2 udc | ||
| 952 | |0 0 |1 0 |4 0 |6 B252 |7 1 |9 47841 |a Arxiu |b Arxiu |d 2016-12-01 |l 0 |o B-2-52 |p 16090 |r 2016-12-01 00:00:00 |w 2016-12-01 |y ARXIU | ||
| 999 | |c 51640 |d 51640 | ||